000 00544nam a2200181Ia 4500
008 090630s9999 xx 000 0 und d
082 _b25709
100 _aमीरा.
245 _aझेन : अथांग सागर.
_cमीरा.
260 _bपारस - कोल्हापूर.
_c2006
300 _a96
600 _aमीरा.
630 _aझेन : अथांग सागर.
655 _aइतर.
700 _aमीरा.
730 _aझेन : अथांग सागर.
942 _cBOOK
999 _c277565
_d277565